000 00824nam a2200253 a 4500
001 000014400
005 20240412074241.0
008 091211t2003 dr 001 p spa d
020 _a9993498408
040 _aDO-SdBNP
_bspa
_cBNPHU
082 _aRD861.44
_bA472f
100 1 _aAlvarado, Julio,
_d1958-
_932511
245 1 0 _aFiesta rota /
_cJulio Alvarado.
260 _aSanto Domingo :
_bNacional,
_c2003.
300 _a83 p. ;
_c21 cm.
490 1 _aEl barco ebrio
_vv. 2
500 _aIncluye datos biográficos del autor en la contracubierta.
504 _aIncluye bibliografía y notas al pie de páginas.
590 _aInventariado, 2018/VM
650 0 _aPoesía dominicana
_966
650 0 _aLiteratura dominicana.
_967
830 0 _aEl barco ebrio
_vno. 2
_932512
910 _aValidado. Control de calidad EMS.
999 _c13991
_d13991